00676nam a2200217Ia 4500003000400000005001700004008004100021020001900062040000700081041000800088082001300096100002300109245004900132260005000181300000900231650002200240700003100262942001300293999001900306952013300325OSt20250808111042.0250729s2005 xx 000 0 und d a978-8188836741 cAL aeng a370 JOHJ aMishra B C9221112 aPersonality patlerns and academic achivement aNewyorkbOrbis Books Sonali Publicationc2005 a258p aEducation9221113 aBrandhaban Chandra9221114 2ddccBED c234860d234860 001040708BEDaALbALd2025-07-29eSita Book Houseg814.00l0o370 JOHJpBED00179r2025-07-29 16:53:31v814.00w2025-07-29yBK